| 000 | 00571nam a22002057a 4500 | ||
|---|---|---|---|
| 003 | OSt | ||
| 008 | 260430b |||||||| |||| 00| 0 eng d | ||
| 082 |
_a634.6 _bS48P |
||
| 100 | _aSingh, Jeetendra Prasad. | ||
| 245 |
_aPost-Harvest Studies on Litchi (Litchi chinensis Sonn.) _cby Jeetendra Prasad Singh |
||
| 260 |
_a.- Sabour, Bhagalpur _b: Bihar Agricultural College, RAU _c, 1991 |
||
| 300 | _a113p. | ||
| 502 |
_bPh.D. _d1991 |
||
| 650 | _aHorticulture | ||
| 650 | _aLitchi | ||
| 650 | _aPostharvest | ||
| 650 | _aThesis | ||
| 650 | _aPh. D. | ||
| 942 |
_2ddc _cT |
||
| 999 |
_c50329 _d50329 |
||